Online
Catalog

El rico y Lázaro / (Record no. 14929)

MARC details
000 -CABECERA
campo de control de longitud fija 00760cam a2200241 a 4500
001 - NÚMERO DE CONTROL
campo de control 000015364
003 - IDENTIFICADOR DEL NÚMERO DE CONTROL
campo de control UkOxU
005 - FECHA Y HORA DE LA ÚLTIMA TRANSACCIÓN
campo de control 20200929164023.0
008 - DATOS DE LONGITUD FIJA--INFORMACIÓN GENERAL
campo de control de longitud fija 500101s1964 xxk 000 0 spa d
020 ## - NÚMERO INTERNACIONAL ESTÁNDAR DEL LIBRO
Número Internacional Estándar del Libro 0851514200
035 ## - NÚMERO DE CONTROL DEL SISTEMA
Número de control de sistema OCLC ocm30242708 from D960620M
040 ## - FUENTE DE LA CATALOGACIÓN
Centro catalogador/agencia de origen DO-SdBNP
Lengua de catalogación spa
Centro/agencia transcriptor BNPHU
Centro/agencia modificador EQO
-- BNPHU
082 ## - NÚMERO DE LA CLASIFICACIÓN DECIMAL DEWEY
Número de clasificación 226.8
Número de documento/Ítem N864r
049 ## - FONDOS LOCALES (OCLC)
Fondos de biblioteca BNGR
100 1# - ENTRADA PRINCIPAL--NOMBRE DE PERSONA
Nombre de persona North, Brownlow,
Fechas asociadas al nombre 1810-1875.
9 (RLIN) 34726
245 13 - MENCIÓN DE TÍTULO
Título El rico y Lázaro /
Mención de responsabilidad, etc. Brownlow North ; traducción Francisco Adrover.
260 ## - PUBLICACIÓN, DISTRIBUCIÓN, ETC.
Lugar de publicación, distribución, etc. Gran Bretaña :
Nombre del editor, distribuidor, etc. El Estandares de la Verdad,
Fecha de publicación, distribución, etc. 1964.
300 ## - DESCRIPCIÓN FÍSICA
Extensión 118 p. ;
Dimensiones 19 cm.
500 ## - NOTA GENERAL
Nota general Seguda impresión, 1984.
650 #4 - PUNTO DE ACCESO ADICIONAL DE MATERIA--TÉRMINO DE MATERIA
Término de materia o nombre geográfico como elemento de entrada Parábolas bíblicas
9 (RLIN) 22956
700 1# - PUNTO DE ACCESO ADICIONAL--NOMBRE DE PERSONA
Nombre de persona Adrover, Francisco,
Término indicativo de función/relación tr.
9 (RLIN) 34727
910 ## - DATOS DE OPCIÓN DEL USUARIO (OCLC)
Datos de opción del usuario Catalogación derivada
Holdings
Estado de retiro Estado de pérdida Restricciones de uso No para préstamo Código de colección Localización permanente Ubicación/localización actual Ubicación en estantería Fecha de adquisición Número de inventario Total de préstamos Signatura topográfica completa Código de barras Fecha visto por última vez Precio válido a partir de Tipo de ítem Koha
    Préstamo interno   Monografías: Libros y Folletos General General En catalogación 05.02.2010 LF1   226.8 N864r 15364-10 25.06.2020 25.06.2020 Préstamo interno

Powered by Koha